MARC

Tag First Indicator Second Indicator Subfields
LEADER 00000cam a2200000 a 4500
001 in00005644591
008 140825s2008 cau 000 j eng d
005 20250506171316.6
035 |a (OCoLC)ocn889053682 
040 |a KLG  |b eng  |c KLG  |d OCLCF  |d OCLCQ  |d OCL  |d OCLCO  |d OCLCL  |d OCLCQ  |d TXA 
020 |a 9781607517313 
020 |a 1607517310 
035 |a (OCoLC)889053682 
043 |a n-us-ca 
050 4 |a PS647.G39  |b W47 2008 
245 0 0 |a West Hollywood stories /  |c introduced by Patricia New Warren ; selected and edited by Stephen Soucy. 
264 1 |a Los Angeles :  |b Modernist Press,  |c [2008] 
300 |a xi, 131 pages ;  |c 22 cm 
336 |a text  |b txt  |2 rdacontent 
337 |a unmediated  |b n  |2 rdamedia 
338 |a volume  |b nc  |2 rdacarrier 
500 |a "Fourteen writers answered the call and are featured in West Hollywood stories, a modern collection of gay fiction. Each literary contribution illustrates the diversity that can only be found in this unique zip code: 90069"--Back cover. 
505 0 |a I can hear you know / by John Morgan Wilson -- Will you be joining us on the AIDS walk this year? / by Benjamin Scuglia -- Fair trade / Rakesh Satyal -- The day the house fell / by Joe Symon -- Heirlooms / by Kyle T. Wilson -- Requiem / by Max Pierce -- Weenie scallopini / by Tim State -- Husband hunters / by Alex Roberts -- New kid in town / by Felice Picano -- The opposite of home / by Shaun Levin -- The learning curve / by Jameson Currier -- As yet untitled / by Paul D. Cain -- Lost and Found / by Frank Bua. 
500 |a The Cushing Library/Women & Gender Studies copy was acquired as part of The Don Kelly Research Collection of Gay Literature and Culture.  |5 TxCM 
650 0 |a Short stories, American  |y 21st century. 
650 0 |a Gay men  |z California  |z West Hollywood  |v Fiction. 
651 0 |a West Hollywood (Calif.)  |v Fiction. 
650 0 |a Gay men's writings, American  |y 21st century. 
650 6 |a Nouvelles américaines  |y 21e siècle. 
650 6 |a Écrivains homosexuels  |z Californie. 
651 7 |a California.  |2 fast  |0 (OCoLC)fst01204928  |1 https://id.oclc.org/worldcat/entity/E39PBJt8p3GDkhpJkC9y6FY3wC 
651 7 |a California  |z West Hollywood.  |2 fast  |0 (OCoLC)fst01238128  |1 https://id.oclc.org/worldcat/entity/E39PBJqQBbWcXqrBqmpV6DxFKd 
648 7 |a 2000-2099  |2 fast 
655 7 |a Short stories.  |2 lcgft 
655 7 |a Gay fiction.  |2 lcgft 
700 1 |a Soucy, Stephen,  |d 1969-  |e editor. 
700 1 |a Warren, Patricia Nell,  |e writer of introduction.  |1 https://id.oclc.org/worldcat/entity/E39PBJv8FqQ76Dyxfyb7rBFqcP 
994 |a Z0  |b TXA 
948 |h HELD BY TXA - 2 OTHER HOLDINGS 
999 f f |s 4fdadf5e-fa91-407b-b590-bed33e6aa734  |i bace11d6-3275-467a-8829-385fc7cc5404  |t 0 
952 f f |p noncirc  |a Texas A&M University  |b College Station  |c Cushing Memorial Library & Archives  |d Cushing: Women & Gender Studies (Does not check out)  |t 0  |e PS647.G39 W47 2008  |h Library of Congress classification  |i unmediated -- volume  |m A1485338829I 
998 f f |a PS647.G39 W47 2008  |t 0  |l Cushing: Women & Gender Studies (Does not check out)